[Event "Veteranen- en  Seniorenkampioenschap 20"]
[Site "Oosterbeek, Netherlands"]
[Date "2010.07.10"]
[Round "1"]
[White "Monte, Peter"]
[Black "Bohm, Hans"]
[Result "0-1"]
[WhiteElo "2007"]
[BlackElo "2262"]
[PlyCount "70"]
[EventDate "2010.??.??"]

1. f4 d5 2. Nf3 Bg4 3. e3 e6 4. Be2 g6 5. O-O Nd7 6. c3 c6 7. d3 Bd6 8. e4 Ne7
9. h3 Bxf3 10. Bxf3 dxe4 11. dxe4 Qc7 12. e5 Bc5+ 13. Kh2 Nf5 14. Qe1 h5 15. b4
Be7 16. g3 h4 17. g4 Ng3 18. Rf2 g5 19. Na3 Nb6 20. c4 a5 21. bxa5 Nd7 22. Nc2
Qxa5 23. Bd2 Qc7 24. a4 Rg8 25. Nb4 Nc5 26. Qb1 f6 27. Qh7 O-O-O 28. exf6 Bxf6
29. Qxc7+ Kxc7 30. Re1 Rxd2 31. Rxd2 Bc3 32. Nd3 Nxd3 33. Rxd3 Bxe1 34. fxg5
Rxg5 35. Kg2 Re5 0-1

[Event "Veteranen- en  Seniorenkampioenschap 20"]
[Site "Oosterbeek, Netherlands"]
[Date "2010.07.10"]
[Round "1"]
[White "Berg, Ad van den"]
[Black "Scheeren, Fred"]
[Result "1-0"]
[WhiteElo "2211"]
[BlackElo "2005"]
[PlyCount "93"]
[EventDate "2010.??.??"]

1. e4 c6 2. Nc3 d5 3. Qf3 d4 4. Bc4 Nf6 5. e5 dxc3 6. exf6 exf6 7. bxc3 Bd6 8.
Qe4+ Qe7 9. Qxe7+ Kxe7 10. Nf3 Be6 11. Be2 Nd7 12. O-O Rhe8 13. Nd4 Kf8 14.
Nxe6+ fxe6 15. d4 e5 16. Bg4 Re7 17. a4 g6 18. Rb1 Rb8 19. a5 f5 20. Bh6+ Kg8
21. Be2 Ree8 22. Rfd1 Nf6 23. Kf1 Bc7 24. a6 b6 25. g3 Rbd8 26. Bc4+ Kh8 27.
Bf7 Re7 28. dxe5 Rxf7 29. exf6 Kg8 30. Re1 Rfd7 31. Re6 Bd6 32. Rbe1 Kf7 33. h4
Bc5 34. Rxc6 Re8 35. Rxe8 Kxe8 36. Ke2 Kf7 37. Bf4 Bf8 38. Be5 Bh6 39. f4 Bf8
40. Bd4 Ba3 41. Rc8 Bf8 42. Rb8 Bd6 43. Rb7 Rc7 44. Kd3 Ke6 45. c4 Rd7 46. Rxd7
Kxd7 47. Bxb6 1-0

[Event "Veteranen- en  Seniorenkampioenschap 20"]
[Site "Oosterbeek, Netherlands"]
[Date "2010.07.10"]
[Round "1"]
[White "Caljé, Tom"]
[Black "Vogel, Jaap"]
[Result "0-1"]
[WhiteElo "1995"]
[BlackElo "2196"]
[PlyCount "100"]
[EventDate "2010.??.??"]

1. d4 Nf6 2. Bf4 c5 3. e3 g6 4. Nf3 Bg7 5. Be2 O-O 6. c3 b6 7. O-O Bb7 8. a4 d6
9. h3 a6 10. Nbd2 Nc6 11. Qb3 e5 12. dxe5 dxe5 13. Bg5 Na5 14. Qc2 Qc7 15. Bxf6
Bxf6 16. Nc4 Nxc4 17. Bxc4 Bc6 18. Rfd1 e4 19. Nd2 b5 20. Be2 Qe5 21. axb5 axb5
22. Nf1 h5 23. Qd2 Be7 24. Qc2 h4 25. Nh2 Kg7 26. Qd2 f5 27. Qe1 Qe6 28. c4 b4
29. Rxa8 Rxa8 30. Ra1 Qe5 31. Rxa8 Bxa8 32. Qa1 Bc6 33. Qa7 Kf7 34. Qa2 Bf6 35.
b3 Qc3 36. Nf1 Bd7 37. Bd1 Ke8 38. Qa8+ Ke7 39. Qd5 Qe5 40. Qxe5+ Bxe5 41. Nd2
Bc3 42. Nb1 Bb2 43. Kf1 Kf6 44. Ke2 g5 45. Nd2 Bc1 46. Ke1 Ke5 47. Be2 f4 48.
Bf1 g4 49. Be2 f3 50. gxf3 exf3 0-1

[Event "Veteranen- en  Seniorenkampioenschap 20"]
[Site "Oosterbeek, Netherlands"]
[Date "2010.07.10"]
[Round "1"]
[White "Homs, Guust"]
[Black "Landsbergen, Ron"]
[Result "1/2-1/2"]
[WhiteElo "2189"]
[BlackElo "1992"]
[PlyCount "43"]
[EventDate "2010.??.??"]

1. e4 c5 2. c3 d5 3. exd5 Qxd5 4. d4 cxd4 5. cxd4 Nc6 6. Nf3 e5 7. Nc3 Bb4 8.
Bd2 Bxc3 9. Bxc3 exd4 10. Nxd4 Nf6 11. Nxc6 Qxc6 12. Bxf6 Qxf6 13. Bb5+ Kf8 14.
O-O g6 15. Rc1 Kg7 16. Qb3 Be6 17. Bc4 Bxc4 18. Rxc4 b6 19. g3 Rhe8 20. Rd1
Rad8 21. Rxd8 Rxd8 22. Rf4 1/2-1/2

[Event "Veteranen- en  Seniorenkampioenschap 20"]
[Site "Oosterbeek, Netherlands"]
[Date "2010.07.10"]
[Round "1"]
[White "Haitsma, Anne"]
[Black "Mostertman, Loek"]
[Result "1/2-1/2"]
[WhiteElo "1988"]
[BlackElo "2111"]
[PlyCount "68"]
[EventDate "2010.??.??"]

1. c4 g6 2. d4 Bg7 3. Nc3 d6 4. e4 e5 5. Be3 exd4 6. Bxd4 Nf6 7. Be3 O-O 8. f3
Re8 9. Nge2 c6 10. Qd2 d5 11. O-O-O Qe7 12. cxd5 cxd5 13. Nxd5 Nxd5 14. Qxd5
Be6 15. Qd6 Qxd6 16. Rxd6 Bxa2 17. Nc3 Bb3 18. Bb5 Rc8 19. Kb1 a6 20. Ba4 Bf8
21. Rd2 Be6 22. Nd5 Bxd5 23. exd5 b5 24. Bb3 Bd6 25. g3 Nd7 26. f4 Bc5 27. Bxc5
Nxc5 28. Bc2 Rd8 29. d6 Rd7 30. b4 Nb7 31. Be4 Rad8 32. Bxb7 Rxb7 33. Rc1 Rb6
34. Rcd1 Rc6 1/2-1/2

[Event "Veteranen- en  Seniorenkampioenschap 20"]
[Site "Oosterbeek, Netherlands"]
[Date "2010.07.10"]
[Round "1"]
[White "Arp, Frans"]
[Black "Scholten, Karel"]
[Result "1-0"]
[WhiteElo "2100"]
[BlackElo "1961"]
[PlyCount "37"]
[EventDate "2010.??.??"]

1. e4 c5 2. Nf3 d6 3. d4 cxd4 4. Nxd4 Nf6 5. Nc3 a6 6. Bg5 e6 7. f4 Qb6 8. Qd2
Qxb2 9. Rb1 Qa3 10. Be2 Nc6 11. Nxc6 bxc6 12. e5 dxe5 13. fxe5 h6 14. exf6 hxg5
15. Ne4 gxf6 16. Nxf6+ Ke7 17. Ne4 Bh6 18. Qd4 Qa5+ 19. c3 1-0

[Event "Veteranen- en  Seniorenkampioenschap 20"]
[Site "Oosterbeek, Netherlands"]
[Date "2010.07.10"]
[Round "1"]
[White "Voorberg, Kees"]
[Black "Vlam, Horatio"]
[Result "1/2-1/2"]
[WhiteElo "1951"]
[BlackElo "2086"]
[PlyCount "31"]
[EventDate "2010.??.??"]

1. c4 g6 2. g3 Bg7 3. Bg2 Nf6 4. Nc3 O-O 5. e4 e5 6. Nge2 Nc6 7. O-O d6 8. d3
Be6 9. h3 Qd7 10. Kh2 Nh5 11. Nd5 Ne7 12. Nec3 c6 13. Nxe7+ Qxe7 14. Be3 Rad8
15. a4 Rd7 16. a5 1/2-1/2

[Event "Veteranen- en  Seniorenkampioenschap 20"]
[Site "Oosterbeek, Netherlands"]
[Date "2010.07.10"]
[Round "1"]
[White "Leeuwen, Etienne van"]
[Black "Taal, Anne Paul"]
[Result "1-0"]
[WhiteElo "2057"]
[BlackElo "1944"]
[PlyCount "61"]
[EventDate "2010.??.??"]

1. e4 c5 2. Nf3 e6 3. d4 cxd4 4. Nxd4 Nf6 5. Nc3 Bb4 6. e5 Nd5 7. Qg4 Qc7 8.
Qxg7 Bxc3+ 9. Kd1 Rf8 10. bxc3 Nxc3+ 11. Ke1 Qc5 12. Bh6 Nc6 13. Nxc6 dxc6 14.
Qxf8+ Qxf8 15. Bxf8 Kxf8 16. Kd2 Nb5 17. Bd3 h6 18. Rab1 Nc7 19. Be4 Nd5 20.
Rb3 b6 21. c4 Ne7 22. Rhb1 Ba6 23. Kc3 Bb7 24. Rd1 Ke8 25. Kb2 Ba6 26. Rh3 Bxc4
27. Rxh6 Kf8 28. Rd4 Bd5 29. Bxd5 cxd5 30. Rh8+ Ng8 31. Rg4 1-0

[Event "Veteranen- en  Seniorenkampioenschap 20"]
[Site "Oosterbeek, Netherlands"]
[Date "2010.07.10"]
[Round "1"]
[White "Plijter, Martin"]
[Black "Duijn, Roel van"]
[Result "0-1"]
[WhiteElo "1940"]
[BlackElo "2056"]
[PlyCount "84"]
[EventDate "2010.??.??"]

1. e4 e6 2. d4 d5 3. e5 c5 4. c3 Nc6 5. Nf3 Qb6 6. Bd3 Bd7 7. dxc5 Bxc5 8. O-O
a5 9. Qe2 Nge7 10. Na3 Ng6 11. Nb5 O-O 12. b3 Ncxe5 13. Nxe5 Nxe5 14. Qxe5 Bxb5
15. c4 Bd4 16. Qh5 g6 17. Qh4 Bxa1 18. Be3 Qd8 19. Bg5 f6 20. Bh6 f5 21. Qg3
Bg7 22. Bg5 Qb8 23. cxb5 Qxg3 24. hxg3 e5 25. f3 e4 26. Be2 Rac8 27. Rd1 Rc2
28. Kf1 d4 29. Bc4+ Kh8 30. a4 b6 31. Bf4 Rc8 32. Be6 Re8 33. Bf7 Re7 34. Bc4
e3 35. Re1 h6 36. Bd3 Rc3 37. Bc4 g5 38. Bd6 Rd7 39. Ba3 f4 40. gxf4 gxf4 41.
g3 fxg3 42. Kg2 Be5 0-1

[Event "Veteranen- en  Seniorenkampioenschap 20"]
[Site "Oosterbeek, Netherlands"]
[Date "2010.07.10"]
[Round "1"]
[White "Etmans, Maarten"]
[Black "Boer, Jacob de"]
[Result "1/2-1/2"]
[WhiteElo "2054"]
[BlackElo "1928"]
[PlyCount "94"]
[EventDate "2010.??.??"]

1. e4 e6 2. d4 d5 3. Nc3 Bb4 4. exd5 exd5 5. Bd3 Nc6 6. a3 Bxc3+ 7. bxc3 Nge7
8. Rb1 b6 9. Ne2 Be6 10. O-O Qd7 11. Nf4 Bf5 12. Be3 Rd8 13. Bb5 O-O 14. Nd3
Qc8 15. Nb4 Nxb4 16. axb4 c6 17. Bd3 Qe6 18. Ra1 Rd7 19. Re1 Qg6 20. Bf4 Qg4
21. Qxg4 Bxg4 22. Bd6 Be6 23. Bxe7 Rxe7 24. Ra6 Rc8 25. f4 Rcc7 26. Raa1 Bc8
27. Kf2 g6 28. c4 Be6 29. c5 b5 30. h3 h5 31. Kf3 h4 32. c3 Kg7 33. Re2 Bc8 34.
Rae1 Kf6 35. Re5 Bf5 36. Bxf5 gxf5 37. g3 hxg3 38. Rg1 Rc8 39. Rxg3 a5 40. Rxe7
Kxe7 41. bxa5 Ra8 42. h4 Rxa5 43. h5 Ra2 44. Ke3 Rh2 45. Rg5 Ke6 46. Kd3 Rf2
47. Ke3 Rc2 1/2-1/2

[Event "Veteranen- en  Seniorenkampioenschap 20"]
[Site "Oosterbeek, Netherlands"]
[Date "2010.07.10"]
[Round "1"]
[White "Wouters, Jan"]
[Black "Klein, Ron"]
[Result "0-1"]
[WhiteElo "1923"]
[BlackElo "2053"]
[PlyCount "69"]
[EventDate "2010.??.??"]

1. e4 e6 2. d4 d5 3. e5 c5 4. c3 Nc6 5. Nf3 Qb6 6. a3 a5 7. g3 Bd7 8. Bh3 Rc8
9. O-O cxd4 10. cxd4 Nge7 11. Nc3 Ng6 12. Rb1 Be7 13. Be3 O-O 14. Nxd5 Qb5 15.
Nc3 Qa6 16. Re1 Rfd8 17. Bf1 Qa8 18. Bd3 Be8 19. Qe2 Nb8 20. Red1 Bxa3 21. Rbc1
Be7 22. Be4 Bc6 23. d5 exd5 24. Nxd5 Bxd5 25. Rxc8 Rxc8 26. Bxd5 Nc6 27. e6 Nd8
28. exf7+ Nxf7 29. Ng5 Bxg5 30. Bxg5 Re8 31. Qc4 Nge5 32. Qb5 Qc8 33. Bf4 Kf8
34. Rc1 Qd8 35. Qc5+ {vlag} 0-1

[Event "Veteranen- en  Seniorenkampioenschap 20"]
[Site "Oosterbeek, Netherlands"]
[Date "2010.07.10"]
[Round "1"]
[White "Goossen, Theo"]
[Black "Peut, Aart van de"]
[Result "1-0"]
[WhiteElo "2041"]
[BlackElo "1886"]
[PlyCount "113"]
[EventDate "2010.??.??"]

1. e4 e6 2. d4 d5 3. Nd2 c5 4. exd5 Qxd5 5. Ngf3 cxd4 6. Bc4 Qd6 7. O-O Nf6 8.
Nb3 Nc6 9. Nbxd4 Nxd4 10. Nxd4 a6 11. Re1 Qc7 12. Qe2 Bd6 13. Bg5 O-O 14. h3
Nd5 15. Bxd5 exd5 16. Qf3 Be5 17. Qxd5 Bxd4 18. Qxd4 Qxc2 19. Re3 Bf5 20. Rae1
Rac8 21. Rg3 Bg6 22. Rb3 b5 23. Qa7 Qc6 24. Rc3 Qa8 25. Qxa8 Rxa8 26. Rc7 Rfc8
27. Rec1 Bf5 28. b4 Be6 29. a3 Bc4 30. Rc5 Rxc5 31. bxc5 Kf8 32. f3 Rc8 33. Bf4
Ke7 34. Rd1 Rc6 35. Bd6+ Ke8 36. Rd4 g6 37. g4 Rc8 38. g5 Kd7 39. Re4 Re8 40.
c6+ Kxd6 41. Rxe8 Kxc6 42. Kf2 a5 43. Ke3 b4 44. Rc8+ Kd5 45. Ra8 bxa3 46.
Rxa5+ Ke6 47. Kd4 Bf1 48. h4 Ke7 49. Ke5 h5 50. Ra7+ Kf8 51. Kf6 Kg8 52. Rxa3
Bc4 53. Ra8+ Kh7 54. Rf8 Bb3 55. Rxf7+ Kg8 56. Rg7+ Kh8 57. Rxg6 1-0

[Event "Veteranen- en  Seniorenkampioenschap 20"]
[Site "Oosterbeek, Netherlands"]
[Date "2010.07.11"]
[Round "2"]
[White "Bohm, Hans"]
[Black "Leeuwen, Etienne van"]
[Result "1/2-1/2"]
[WhiteElo "2262"]
[BlackElo "2057"]
[PlyCount "46"]
[EventDate "2010.??.??"]

1. d4 Nf6 2. Nf3 g6 3. Bg5 Bg7 4. c3 O-O 5. Nbd2 d5 6. e3 Nbd7 7. Bd3 b6 8. O-O
Bb7 9. Qb1 Re8 10. a4 a5 11. Rd1 Qc8 12. h3 e5 13. Bb5 c6 14. Bf1 e4 15. Ne1
Ba6 16. b4 Bxf1 17. Kxf1 c5 18. bxc5 bxc5 19. Bf4 Re6 20. Qa2 cxd4 21. cxd4 Rc6
22. Nb3 Nb6 23. Nd2 Bf8 1/2-1/2

[Event "Veteranen- en  Seniorenkampioenschap 20"]
[Site "Oosterbeek, Netherlands"]
[Date "2010.07.11"]
[Round "2"]
[White "Duijn, Roel van"]
[Black "Berg, Ad van den"]
[Result "0-1"]
[WhiteElo "2056"]
[BlackElo "2211"]
[PlyCount "148"]
[EventDate "2010.??.??"]

1. e4 d6 2. d4 c5 3. dxc5 Qa5+ 4. Nc3 Qxc5 5. Be3 Qa5 6. Bc4 Nf6 7. Qd2 e6 8.
Nge2 a6 9. Ng3 b5 10. Bb3 Bb7 11. f3 Nbd7 12. O-O b4 13. Nce2 d5 14. exd5 Nxd5
15. Bd4 Bc5 16. Ne4 Bxd4+ 17. Qxd4 O-O 18. c4 bxc3 19. N2xc3 Nxc3 20. bxc3 Bxe4
21. fxe4 Rfd8 22. Rad1 Ne5 23. Qe3 Rxd1 24. Rxd1 h6 25. Qd4 Rc8 26. c4 g5 27.
h3 Kg7 28. Rc1 Qc5 29. Qxc5 Rxc5 30. Rc3 Kf6 31. Kf2 Ke7 32. Ke3 f6 33. Rc1 Nd7
34. Kd4 Kd6 35. Rf1 h5 36. Ba4 Ne5 37. Bb3 Nc6+ 38. Ke3 Ke5 39. Rd1 Na5 40. Rc1
h4 41. Rc2 Nb7 42. Kd3 Rc8 43. Ke3 Nc5 44. Rd2 Nxe4 45. Rd7 Nc5 46. Ra7 Rb8 47.
Bd1 Rb2 48. Bf3 Rxa2 49. Rc7 Ra3+ 50. Kd2 Ne4+ 51. Kc2 f5 52. Kb2 Ra5 53. Kb3
Rc5 54. Rg7 Nd2+ 55. Kc3 Nxc4 56. Rxg5 Kf6 57. Rh5 Ne5+ 58. Kb3 Ng6 59. Kb4 Rc7
60. Ka5 e5 61. Kxa6 e4 62. Bd1 Rd7 63. Rxf5+ Kxf5 64. Bg4+ Ke5 65. Bxd7 Kd4 66.
Bg4 Nf4 67. Kb5 Nxg2 68. Kc6 Nf4 69. Kd6 e3 70. Ke7 Nxh3 71. Kf6 Nf2 72. Bf3 h3
73. Kg5 h2 74. Kf4 e2 0-1

[Event "Veteranen- en  Seniorenkampioenschap 20"]
[Site "Oosterbeek, Netherlands"]
[Date "2010.07.11"]
[Round "2"]
[White "Vogel, Jaap"]
[Black "Goossen, Theo"]
[Result "1/2-1/2"]
[WhiteElo "2196"]
[BlackElo "2041"]
[PlyCount "51"]
[EventDate "2010.??.??"]

1. Nf3 d5 2. g3 f5 3. c4 c6 4. b3 Nf6 5. Bb2 e6 6. Bg2 Bd6 7. O-O Qe7 8. d4
Nbd7 9. Qc2 O-O 10. e3 a5 11. a4 b6 12. Ne5 Bxe5 13. dxe5 Ng4 14. cxd5 cxd5 15.
Qc7 Ba6 16. Ba3 Qd8 17. Qd6 Re8 18. Rc1 Ndxe5 19. Qxd8 Raxd8 20. h3 Nxf2 21.
Kxf2 Nd3+ 22. Kg1 Nxc1 23. Bxc1 Rc8 24. Na3 Rc3 25. Bd2 Rc7 26. h4 1/2-1/2

[Event "Veteranen- en  Seniorenkampioenschap 20"]
[Site "Oosterbeek, Netherlands"]
[Date "2010.07.11"]
[Round "2"]
[White "Klein, Ron"]
[Black "Arp, Frans"]
[Result "1-0"]
[WhiteElo "2053"]
[BlackElo "2100"]
[PlyCount "93"]
[EventDate "2010.??.??"]

1. d4 Nf6 2. Bg5 Ne4 3. Bh4 g5 4. f3 gxh4 5. fxe4 e5 6. e3 Qg5 7. Qd2 Bh6 8.
Nf3 Qxe3+ 9. Qxe3 Bxe3 10. Nc3 c6 11. dxe5 b5 12. a4 b4 13. Nd1 Bf4 14. Nf2 Na6
15. Bc4 Nc5 16. Nd3 Nxd3+ 17. cxd3 a5 18. Kf2 Rg8 19. d4 Bg5 20. g3 h3 21. Rhf1
Rg7 22. Nxg5 Rxg5 23. Ke3 Ba6 24. Bxf7+ Ke7 25. Rf4 c5 26. Rc1 cxd4+ 27. Kxd4
Rf8 28. Bb3 Rxf4 29. gxf4 Rg2 30. Rc2 Bb7 31. f5 Rg4 32. f6+ Kf8 33. Re2 Bc6
34. e6 dxe6 35. Bxe6 Rg2 36. Re3 Rxh2 37. f7 Rg2 38. Rxh3 Ke7 39. Bb3 Rxb2 40.
Rf3 Kf8 41. Rg3 Rxb3 42. Rxb3 Bxa4 43. Rf3 Bd1 44. Rf1 Bb3 45. e5 h5 46. Kc5 h4
47. Kd6 1-0

[Event "Veteranen- en  Seniorenkampioenschap 20"]
[Site "Oosterbeek, Netherlands"]
[Date "2010.07.11"]
[Round "2"]
[White "Boer, Jacob de"]
[Black "Homs, Guust"]
[Result "1/2-1/2"]
[WhiteElo "1928"]
[BlackElo "2189"]
[PlyCount "35"]
[EventDate "2010.??.??"]

1. d4 d5 2. c4 e6 3. Nf3 Nf6 4. Nc3 c6 5. e3 Be7 6. Bd3 O-O 7. O-O Nbd7 8. b3
b6 9. Qe2 Bb7 10. Bb2 c5 11. Rfd1 cxd4 12. exd4 Re8 13. Rac1 Rc8 14. Ne5 Bd6
15. Nb5 Bb8 16. Ba3 dxc4 17. Nxc4 Ba6 18. Nbd6 1/2-1/2

[Event "Veteranen- en  Seniorenkampioenschap 20"]
[Site "Oosterbeek, Netherlands"]
[Date "2010.07.11"]
[Round "2"]
[White "Mostertman, Loek"]
[Black "Voorberg, Kees"]
[Result "0-1"]
[WhiteElo "2111"]
[BlackElo "1951"]
[PlyCount "100"]
[EventDate "2010.??.??"]

1. d4 Nf6 2. c4 g6 3. Nc3 Bg7 4. e4 d6 5. f3 O-O 6. Nge2 Nbd7 7. Bg5 h6 8. Be3
c5 9. Qd2 Kh7 10. d5 a6 11. a4 Qa5 12. Ra3 Rb8 13. Nc1 Ne8 14. f4 f5 15. exf5
gxf5 16. Bd3 Ndf6 17. h3 Kh8 18. O-O Qd8 19. Qf2 e6 20. dxe6 Bxe6 21. N1e2 Ne4
22. Qf3 N8f6 23. Ng3 d5 24. cxd5 Nxd5 25. Nh5 Ndxc3 26. Nxg7 Kxg7 27. Bc1 Qd4+
28. Kh2 Nd5 29. Bc2 Rfd8 30. Rd3 Qf6 31. b3 Rd7 32. Rfd1 Rbd8 33. g4 Nec3 34.
Bb2 fxg4 35. hxg4 Qh4+ 36. Kg2 Qxg4+ 37. Qxg4+ Bxg4 38. Rxd5 Rxd5 39. Bxc3+ Kf7
40. Rh1 h5 41. Be4 R5d7 42. Ba5 Rg8 43. Kf2 b5 44. axb5 axb5 45. Rc1 Rc8 46.
Rc2 h4 47. Bb6 c4 48. bxc4 Rxc4 49. Rxc4 bxc4 50. Ba5 Ke6 0-1

[Event "Veteranen- en  Seniorenkampioenschap 20"]
[Site "Oosterbeek, Netherlands"]
[Date "2010.07.11"]
[Round "2"]
[White "Vlam, Horatio"]
[Black "Haitsma, Anne"]
[Result "1/2-1/2"]
[WhiteElo "2086"]
[BlackElo "1988"]
[PlyCount "150"]
[EventDate "2010.??.??"]

1. c4 e5 2. Nc3 Nf6 3. Nf3 Nc6 4. d3 Bb4 5. Bd2 d5 6. cxd5 Nxd5 7. g3 O-O 8.
Bg2 Be6 9. Ng5 Nxc3 10. bxc3 Bxc3 11. Nxe6 Bxd2+ 12. Qxd2 fxe6 13. O-O Qd6 14.
Rab1 Rab8 15. Rfc1 Rfc8 16. Bxc6 bxc6 17. Qa5 Qd4 18. Rxb8 Rxb8 19. Qxc7 Rf8
20. Rf1 Qb2 21. Qxc6 Qxa2 22. Rc1 Qxe2 23. Qxe6+ Kh8 24. Qf7 Rg8 25. Qxa7 Qxd3
26. Re1 Qd6 27. Qe3 Re8 28. Qe4 Qc5 29. Kg2 Rf8 30. f3 Qc3 31. Re2 h6 32. h4
Qb3 33. Re3 Qa2+ 34. Kh3 Qe6+ 35. Kg2 Qa2+ 36. Re2 Qb3 37. Rd2 Qe6 38. f4 Re8
39. Re2 Qg4 40. fxe5 Qxe4+ 41. Rxe4 g6 42. Kf3 Kg7 43. Kf4 Kf7 44. Rd4 Rb8 45.
g4 Rb6 46. h5 gxh5 47. Kf5 hxg4 48. Rxg4 Rb7 49. Ra4 Rb6 50. Ra7+ Ke8 51. Rg7
Kf8 52. Rd7 Ra6 53. Rd8+ Ke7 54. Rh8 Rb6 55. Rh7+ Ke8 56. Rg7 Kf8 57. Rc7 Ke8
58. Ke4 h5 59. Rh7 Rb4+ 60. Kf5 h4 61. Kf6 Rf4+ 62. Ke6 Kf8 63. Rh5 Kg7 64. Ke7
Kg6 65. Rh8 Kg7 66. Ra8 h3 67. Ra3 Rh4 68. Rg3+ Kh7 69. Rg1 h2 70. Rh1 Kg6 71.
e6 Kf5 72. Kd7 Rd4+ 73. Ke7 Re4 74. Rf1+ Kg4 75. Kd7 Kg3 1/2-1/2

[Event "Veteranen- en  Seniorenkampioenschap 20"]
[Site "Oosterbeek, Netherlands"]
[Date "2010.07.11"]
[Round "2"]
[White "Landsbergen, Ron"]
[Black "Etmans, Maarten"]
[Result "1/2-1/2"]
[WhiteElo "1992"]
[BlackElo "2054"]
[PlyCount "72"]
[EventDate "2010.??.??"]

1. d4 Nf6 2. Nf3 b5 3. Bf4 Bb7 4. e3 a6 5. Nbd2 e6 6. Bd3 c5 7. c3 c4 8. Bc2 d5
9. a3 Bd6 10. Ne5 Nc6 11. O-O Bxe5 12. Bxe5 Nxe5 13. dxe5 Nd7 14. Qg4 g6 15.
Qd4 Qc7 16. f4 Qc5 17. a4 O-O 18. axb5 axb5 19. Nf3 Qc7 20. Qd2 Ra5 21. Nd4
Rfa8 22. Rxa5 Rxa5 23. h4 Nc5 24. h5 Qe7 25. hxg6 hxg6 26. Qf2 Ne4 27. Bxe4
dxe4 28. g4 b4 29. cxb4 Qxb4 30. f5 exf5 31. gxf5 Rxe5 32. fxg6 Rg5+ 33. Kh1
Rh5+ 34. Kg1 Rg5+ 35. Kh1 Rh5+ 36. Kg1 Rg5+ 1/2-1/2

[Event "Veteranen- en  Seniorenkampioenschap 20"]
[Site "Oosterbeek, Netherlands"]
[Date "2010.07.11"]
[Round "2"]
[White "Taal, Anne Paul"]
[Black "Monte, Peter"]
[Result "1/2-1/2"]
[WhiteElo "1944"]
[BlackElo "2007"]
[PlyCount "70"]
[EventDate "2010.??.??"]

1. d4 e6 2. Nd2 c5 3. c3 d5 4. e4 cxd4 5. cxd4 Nc6 6. Ngf3 dxe4 7. Nxe4 Be7 8.
Be2 Nf6 9. Nc3 O-O 10. O-O b6 11. Be3 Bb7 12. Ne5 Nb4 13. Rc1 Rc8 14. a3 Nbd5
15. Nxd5 Nxd5 16. Qa4 Rxc1 17. Rxc1 Nxe3 18. fxe3 Bg5 19. Rc3 Qa8 20. Bf3 Rd8
21. Bxb7 Qxb7 22. Nf3 Bh6 23. Kf2 g6 24. Qc6 Qe7 25. Qc7 Rd7 26. Qb8+ Bf8 27.
Rc8 f6 28. Re8 Qd6 29. Qc8 Rf7 30. Rxe6 Qd5 31. Qc6 Qb3 32. Rxf6 Qxb2+ 33. Kg3
Rxf6 34. Qxf6 Qxa3 35. Qe6+ Kg7 1/2-1/2

[Event "Veteranen- en  Seniorenkampioenschap 20"]
[Site "Oosterbeek, Netherlands"]
[Date "2010.07.11"]
[Round "2"]
[White "Scheeren, Fred"]
[Black "Plijter, Martin"]
[Result "0-1"]
[WhiteElo "2005"]
[BlackElo "1940"]
[PlyCount "118"]
[EventDate "2010.??.??"]

1. e4 e6 2. d4 d5 3. Nc3 Nf6 4. Bg5 Be7 5. e5 Nfd7 6. Bxe7 Qxe7 7. f4 O-O 8.
Nf3 c5 9. Qd2 Nc6 10. O-O-O a6 11. dxc5 Nxc5 12. Be2 b5 13. Nd4 Bd7 14. Bf3 b4
15. Nxc6 Bxc6 16. Ne2 a5 17. Nd4 Bb7 18. Kb1 Rfd8 19. Rhf1 Ne4 20. Qe3 a4 21.
Bxe4 dxe4 22. f5 exf5 23. Nxf5 Rxd1+ 24. Rxd1 Qxe5 25. Qg5 Qf6 26. Qxf6 gxf6
27. Rd7 Ba6 28. Rd4 Re8 29. Ne3 b3 30. Rxa4 bxc2+ 31. Kxc2 Bd3+ 32. Kd2 Rd8 33.
Ra5 Bc4+ 34. Ke1 Be6 35. b3 Rd3 36. Ke2 Kg7 37. Rc5 Kg6 38. Rc2 f5 39. g3 h5
40. Ng2 Kg5 41. Nf4 Rd6 42. Ke3 h4 43. gxh4+ Kxh4 44. Rg2 Rd1 45. Rb2 Kg4 46.
Nxe6 fxe6 47. b4 Rd3+ 48. Kf2 Rh3 49. Kg2 f4 50. b5 f3+ 51. Kf1 e3 52. b6 e2+
53. Ke1 Rxh2 54. Rb4+ Kg3 55. Kd2 Rh1 56. Re4 Rd1+ 57. Kc2 Rd6 58. b7 Rb6 59.
Rxe6 Rxb7 0-1

[Event "Veteranen- en  Seniorenkampioenschap 20"]
[Site "Oosterbeek, Netherlands"]
[Date "2010.07.11"]
[Round "2"]
[White "Peut, Aart van de"]
[Black "Caljé, Tom"]
[Result "0-1"]
[WhiteElo "1886"]
[BlackElo "1995"]
[PlyCount "58"]
[EventDate "2010.??.??"]

1. e4 c5 2. Nc3 e6 3. g3 d5 4. exd5 exd5 5. Bg2 Nf6 6. d3 Be7 7. Bf4 O-O 8. Qd2
Nc6 9. Nf3 Bf5 10. h3 d4 11. Ne2 Qd7 12. g4 Be6 13. Ng5 Bd5 14. Ne4 Rfe8 15.
N2g3 Nxe4 16. Bxe4 Bh4 17. O-O Bxg3 18. Bxg3 Bxe4 19. dxe4 Rxe4 20. Rfe1 Rae8
21. Rxe4 Rxe4 22. Re1 Qe6 23. Rxe4 Qxe4 24. a3 h6 25. Bd6 c4 26. Bg3 d3 27.
cxd3 cxd3 28. f4 Nd4 29. Kf2 Qf3+ 0-1

[Event "Veteranen- en  Seniorenkampioenschap 20"]
[Site "Oosterbeek, Netherlands"]
[Date "2010.07.11"]
[Round "2"]
[White "Scholten, Karel"]
[Black "Wouters, Jan"]
[Result "1-0"]
[WhiteElo "1961"]
[BlackElo "1923"]
[PlyCount "89"]
[EventDate "2010.??.??"]

1. e4 c6 2. Nc3 d5 3. d4 dxe4 4. Nxe4 Nf6 5. Ng5 h6 6. N5f3 Bg4 7. Be2 Nbd7 8.
Nd2 Bxe2 9. Qxe2 e6 10. Ngf3 Qc7 11. O-O Be7 12. a4 O-O 13. Nc4 c5 14. c3 cxd4
15. Nxd4 Rac8 16. Ne3 a6 17. Re1 Bd6 18. h3 Rfe8 19. Ng4 Nxg4 20. Qxg4 Nf6 21.
Qh4 Kh7 22. Bxh6 gxh6 23. Qxf6 Rg8 24. Re4 Rg6 25. Qf3 Rcg8 26. Rg4 Rxg4 27.
hxg4 Bh2+ 28. Kh1 Be5 29. Re1 Bd6 30. Rd1 Qe7 31. Qe4+ Rg6 32. Nf3 Bb8 33. g3
Kh8 34. Kg2 Ba7 35. Ne5 Rf6 36. Nd3 Qc7 37. Rd2 Kg7 38. Nf4 Kh8 39. b4 Kg8 40.
c4 Bb8 41. c5 b6 42. c6 e5 43. Nd5 Qd6 44. Nxf6+ Qxf6 45. Rd7 1-0

[Event "Veteranen- en  Seniorenkampioenschap 20"]
[Site "Oosterbeek, Netherlands"]
[Date "2010.07.12"]
[Round "3"]
[White "Berg, Ad van den"]
[Black "Klein, Ron"]
[Result "1-0"]
[WhiteElo "2211"]
[BlackElo "2053"]
[PlyCount "65"]
[EventDate "2010.??.??"]

1. e4 e6 2. d4 d5 3. Nc3 Bb4 4. e5 c5 5. a3 Bxc3+ 6. bxc3 Ne7 7. a4 Qc7 8. Nf3
b6 9. Bb5+ Bd7 10. Bd3 Nbc6 11. O-O h6 12. Re1 O-O 13. h4 f5 14. dxc5 bxc5 15.
Ba3 Na5 16. Nd4 Rf7 17. Nb5 Bxb5 18. axb5 c4 19. Be2 Nb7 20. Qd4 Qb6 21. Qxb6
axb6 22. Bh5 g6 23. Bxe7 Rxa1 24. Rxa1 gxh5 25. Ra8+ Kh7 26. Bb4 Nc5 27. Re8
Rb7 28. Kf1 Kg7 29. Ke2 Kf7 30. Rh8 Kg7 31. Rc8 Ra7 32. Bxc5 bxc5 33. b6 1-0

[Event "Veteranen- en  Seniorenkampioenschap 20"]
[Site "Oosterbeek, Netherlands"]
[Date "2010.07.12"]
[Round "3"]
[White "Goossen, Theo"]
[Black "Bohm, Hans"]
[Result "0-1"]
[WhiteElo "2041"]
[BlackElo "2262"]
[PlyCount "82"]
[EventDate "2010.??.??"]

1. e4 e6 2. d4 d5 3. Nd2 b6 4. exd5 Qxd5 5. Qf3 Nf6 6. Bc4 Qxf3 7. Ngxf3 Bb7 8.
O-O Nbd7 9. Re1 Bd6 10. Ne5 Bxe5 11. dxe5 Ng4 12. f4 h5 13. Bb5 O-O-O 14. h3
Nh6 15. b4 Nf5 16. Bd3 Nf8 17. b5 Ng6 18. Bxf5 exf5 19. Nf3 Bxf3 20. gxf3 Rd4
21. Kf2 Rc4 22. Re2 Rd8 23. Be3 Nf8 24. a4 Rd5 25. Ra3 Ne6 26. Rd3 Rxd3 27.
cxd3 Rxa4 28. Rd2 Rb4 29. d4 Rxb5 30. d5 Nd8 31. Rd3 c6 32. dxc6 Nxc6 33. Kg3
Rb4 34. Rc3 Kd7 35. Bd2 a5 36. Ra3 Rc4 37. Be3 b5 38. Bb6 b4 39. Rd3+ Ke8 40.
Kh4 a4 41. Kg5 b3 0-1